|
|
|
|
| LEADER |
00000naa2a2200000 4500 |
| 001 |
603249 |
| 005 |
20260226155800.0 |
| 035 |
|
|
|a (RuTPU)RU\TPU\conf\400
|
| 035 |
|
|
|a RU\TPU\conf\398
|
| 090 |
|
|
|a 603249
|
| 100 |
|
|
|a 20131224d2013 k y0rusy50 ca
|
| 101 |
0 |
|
|a rus
|
| 102 |
|
|
|a RU
|
| 135 |
|
|
|a drcn ---uucaa
|
| 181 |
|
0 |
|a i
|
| 182 |
|
0 |
|a b
|
| 200 |
1 |
|
|a Алгоритм генерации событий при движении мобильного терминала по маршруту, заданному контрольными регионами
|f Р. В. Мейта
|g науч. рук. А. А. Шамин, К. С. Щербаков
|
| 203 |
|
|
|a Текст
|c электронный
|
| 225 |
1 |
|
|a Информационно-телекоммуникационные технологии
|
| 300 |
|
|
|a Заглавие с титульного листа.
|
| 320 |
|
|
|a [Библиогр.: с. 218 (1 назв.)]
|
| 330 |
|
|
|a This article represents the algorithm for transport monitoring system based on event generation mechanism.
|
| 337 |
|
|
|a Adobe Reader
|
| 463 |
|
1 |
|0 (RuTPU)RU\TPU\conf\40
|t Технологии Microsoft в теории и практике программирования
|o сборник трудов X Всероссийской научно-практической конференции студентов, аспирантов и молодых ученых, г.Томск, 19-20 марта 2013 г.
|f Национальный исследовательский Томский политехнический университет (ТПУ), Институт кибернетики ; ред. кол. А. В. Лиепиньш и др.
|v [С. 216-218]
|d 2013
|
| 610 |
1 |
|
|a электронный ресурс
|
| 610 |
1 |
|
|a труды учёных ТПУ
|
| 610 |
1 |
|
|a алгоритмы
|
| 610 |
1 |
|
|a генерация
|
| 610 |
1 |
|
|a события
|
| 610 |
1 |
|
|a мобильные терминалы
|
| 610 |
1 |
|
|a движение
|
| 610 |
1 |
|
|a маршруты
|
| 610 |
1 |
|
|a контрольные точки
|
| 610 |
1 |
|
|a мониторинг
|
| 610 |
1 |
|
|a транспорт
|
| 700 |
|
1 |
|a Мейта
|b Р. В.
|c специалист в области информатики и вычислительной техники
|c лаборант Томского политехнического университета
|f 1990-
|g Роман Валерьевич
|3 (RuTPU)RU\TPU\pers\31662
|
| 702 |
|
1 |
|a Шамин
|b А. А.
|c специалист в области информатики и вычислительной техники
|c доцент Томского политехнического университета, кандидат технических наук
|f 1977-
|g Алексей Алексеевич
|4 727
|
| 702 |
|
1 |
|a Щербаков
|b К. С.
|c аспирант каф. прикладной математики (ПМ) АВТФ, ТПУ
|f 1983-
|g Константин Сергеевич
|4 695
|
| 712 |
0 |
2 |
|a Национальный исследовательский Томский политехнический университет (ТПУ)
|b Институт кибернетики (ИК)
|b Кафедра информатики и проектирования систем (ИПС)
|3 (RuTPU)RU\TPU\col\18697
|
| 801 |
|
2 |
|a RU
|b 63413507
|c 20230518
|g RCR
|
| 856 |
4 |
|
|u http://www.lib.tpu.ru/fulltext/c/2013/C28/085.pdf
|
| 942 |
|
|
|c BK
|